000 00360nam a2200145Ia 4500
008 230917s9999||||xx |||||||||||||| ||und||
040 _e48541
_aMAIN
041 _aEnglish
082 _a823.7 T749W
100 _aTrollope, Anthony
245 0 _aWay we live now
260 _aOxford
_bOxford University Press
_c1982
300 _axlviii, 494 p.
942 _cBK
999 _c231540
_d231540